European markets at a glance (Record no. 108934)

MARC details
000 -LEADER
fixed length control field 01129cad a22002295a 4500
001 - CONTROL NUMBER
control field L145822
008 - FIXED-LENGTH DATA ELEMENTS--GENERAL INFORMATION
fixed length control field 081111s2008 xxkad f s 000 0 eng d
035 ## - SYSTEM CONTROL NUMBER
System control number (Sirsi) u145822
041 0# - LANGUAGE CODE
Language code of text/sound track or separate title eng
050 04 - LIBRARY OF CONGRESS CALL NUMBER
Classification number 333.33 $2 18
110 2# - MAIN ENTRY--CORPORATE NAME
Corporate name or jurisdiction name as entry element Atisreal
9 (RLIN) 5337
245 00 - TITLE STATEMENT
Title European markets at a glance
Remainder of title third quarter 2008
Medium [electronic resource]
260 ## - PUBLICATION, DISTRIBUTION, ETC.
Place of publication, distribution, etc. [S.l.]
Name of publisher, distributor, etc. Atisreal
Date of publication, distribution, etc. 2008
490 #0 - SERIES STATEMENT
Series statement European Markets at a Glance
Volume/sequential designation Third Quarter 2008
520 ## - SUMMARY, ETC.
Summary, etc. Reports that the European Investment Market Index has fallen across all sectors for the fourth consecutive quarter, by 33% in the third quarter of 2008. The European Prime Yield Index increased during the same period. Finds that the European Office Take-Up Index continued to fall in Q3, but at a slower pace. Concludes that the global financial crisis is more severe than expected.
590 ## - LOCAL NOTE (RLIN)
Local note KA
650 24 - SUBJECT ADDED ENTRY--TOPICAL TERM
Topical term or geographic name entry element EUROPEAN MARKETS AT A GLANCE
651 #4 - SUBJECT ADDED ENTRY--GEOGRAPHIC NAME
Geographic name Europe
690 ## - LOCAL SUBJECT ADDED ENTRY--TOPICAL TERM (OCLC, RLIN)
Topical term or geographic name as entry element PROPERTY-COMMERCIAL PROPERTY-COMMERCIAL PROPERTY MARKET
856 40 - ELECTRONIC LOCATION AND ACCESS
Uniform Resource Identifier <a href="https://www.atisreal.com">https://www.atisreal.com</a>
Public note View this report free of charge under market research at www.atisreal.com...
942 ## - ADDED ENTRY ELEMENTS (KOHA)
Suppress in OPAC 0
Holdings
Withdrawn status Lost status Source of classification or shelving scheme Damaged status Not for loan Home library Current library Shelving location Date acquired Total Checkouts Full call number Barcode Date last seen Copy number Price effective from Koha item type
    Dewey Decimal Classification     Virtual Virtual Online 11/11/2008   ONLINE PUBLICATION 145822-2001 06/08/2019 1 06/08/2019 Book